000 00799nam a2200217Ii 4500
003 JO-AjNU
008 230605s9999||||xx |||||||||||||| ||und||
017 _a2010/9/3470
040 _aJO-AjNU
_bara
_erda
_cJO-AjNU
041 _aara
050 1 4 _aPJ7832.I27.A22 2010
100 3 _aدراسة وتحقيق خليفات، سبحان محمود,
_eauthor
_948994
245 0 0 _aعبد المجيد سالم الحياري شاعر الوطن والعروبة: نشرة نقدية
250 _aط1
264 3 1 _aعمان:وزارة الثقافة،2010
300 _a354ص
336 _atext
_btxt
_2rdacontent
337 _aunmediated
_bn
_2rdamedia
338 _avolume
_bnc
_2rdacarrier
650 4 _aالشعر العربي -العصر الحديث - الأردن - تفسير ونقد
_948995
999 _aA21492
_c25060
_d25060